| 000 | 00320nam a2200121Ia 4500 | ||
|---|---|---|---|
| 005 | 20251222140033.0 | ||
| 008 | 251222s1900||||xx |||||||||||||| ||spa|| | ||
| 020 | _a978-968-16-8382-5 | ||
| 082 | _a128.2/S79 | ||
| 100 | _a"Steinen, George" | ||
| 245 | 0 | _aDiez posibles razones para la tristeza del pensamiento | |
| 942 | _cLIB | ||
| 999 |
_c3022 _d3022 |
||